Conversations Chrétiennes dans lesquelles on justifie la vérité de la religion et de la morale de Jésus-Christ
Enregistré dans:
| Auteur principal: | |
|---|---|
| Format: | Livre |
| Langue: | français |
| Publié: |
París
Garnier Frères
1929
|
| Sujets: | |
| Tags: |
Ajouter un tag
Pas de tags, Soyez le premier à ajouter un tag!
|
MARC
| LEADER | 00000nam a2200000 a 4500 | ||
|---|---|---|---|
| 001 | UCZ5222 | ||
| 003 | CL-VaPUC | ||
| 005 | 20220319074507.0 | ||
| 008 | 951117e19290000FR |||||||||||||||||fre|d | ||
| 999 | |c 241544 |d 241542 | ||
| 040 | |c Pontificia Universidad Católica de Valparaíso | ||
| 082 | 0 | 4 | |a 110 |b MAL |2 21 |
| 100 | |a Malebranche, Nicolás |e autor |9 862017 | ||
| 245 | 1 | 0 | |a Conversations Chrétiennes dans lesquelles on justifie la vérité de la religion et de la morale de Jésus-Christ |
| 260 | |a París |b Garnier Frères |c 1929 | ||
| 300 | |a 261 p | ||
| 583 | |a last modification |c 19951117 00:00:00 |k Rodrigo Vera | ||
| 600 | 0 | |a Jesús |9 313614 | |
| 650 | 0 | |a Metafísica |9 265649 | |
| 650 | 0 | |a Filosofía francesa |9 255698 | |
| 650 | 0 | |a Religión |9 255164 | |
| 650 | 7 | |a DOCTRINAS RELIGIOSAS |2 CL-VaPUC |9 337177 | |
| 650 | 0 | |a Verdad |9 313815 | |
| 650 | 0 | |a Ética |9 255099 | |
| 650 | 0 | |a Conceptos morales |9 310606 | |
| 942 | |c BK |2 ddc | ||
| 945 | |d 19951117 00:00:00 |a cmena | ||
| 952 | |0 0 |1 0 |4 0 |6 110_000000000000000_MAL_1929 |7 0 |8 P |9 253890 |a BIBEDU |b BIBEDU |c BIBEDU_PB |d 2019-11-19 |i 1572962 |o 110 MAL 1929 |p 1572962 |r 2024-01-25 |w 2019-11-19 |y BK |k FIL | ||